01259nas a2200361 4500001001300000003000900013005001700022007000300039008003400042040005400076041000900130072000800139100002400147100002400171100002100195100002600216100001900242100001900261100002400280100001600304245014200320650002100462650001300483650001800496650001000514650001300524650002000537773011000557909004000667942001800707999001900725952015300744BR2016001898BR-BrBNA20231205130325.0ta230509b bl.|||p| |||| 00| 00por d aBR-BrBNAbporcBiblioteca Nacional de Agricultura a(En) aL101 aCarvalho, Y.K.P. de1 aArgôlo-Neto, N.M.1 aAmbrósio, C.E.1 aOliveira, L. de J. de1 aRocha, A.R. da1 aSilva, J.B. da1 aCarvalho, M.A.M. de1 aAlves, F.R.1 aIsolation expansion and differentiation of cellular progenitors obtained from dental pulp of agouti (dasyprocta prymnolopha Wagler, 1831) aDASYPROCTA AGUTI aPROGENIE aCELULA ANIMAL aDENTE aEXPLANTE aANIMAL SELVAGEM0 tPesquisa Veterinária Brasileira (Brazil)xISSN 0100-736Xg(Jun 2015), v. 35(6) p. 590-598wBR2016001898 a202311bLúciac55dLúcia Elande 2AGRISn0cANA c248850d248850 002AGRIS4071a41918b41918cPeriódicos Agrícolash(Jun 2015), v. 35(6) p. 590-598l0r2023-11-29t01yCRePortaria Interministerial nº 164/94